LEADER 00956nam0 22002651i 450 001 UON00052669 005 20231205102233.82 100 $a20020107d1976 |0itac50 ba 101 $ajpn 102 $aJP 105 $a||||p ||||| 200 1 $aHogaku kansho jinmon$fYoshikawa Eishi 210 $aOsaka$cSogensha$d1976 215 $a354 p.$d21 cm 606 $aMUSICA GIAPPONESE$3UONC000303$2FI 620 $aJP$dTo?kyo?$3UONL000031 686 $aGIA IX H$cGIAPPONE - ARTI - MUSICA, TEATRO, CINEMA, DANZA$2A 700 0$aYOSHIKAWA Eiji$3UONV016828$0638916 712 $aSogensha$3UONV251228$4650 801 $aIT$bSOL$c20240220$gRICA 899 $aSIBA - SISTEMA BIBLIOTECARIO DI ATENEO$2UONSI 912 $aUON00052669 950 $aSIBA - SISTEMA BIBLIOTECARIO DI ATENEO$dSI GIA IX H 210 $eSI SA 95030 7 210 996 $aHogaku kansho jinmon$91145822 997 $aUNIOR